000 00371nam a22001217a 4500
005 20241119151724.0
008 241119b |||||||| |||| 00| 0 eng d
245 _aValue Added Tax Act, 2013 (ACT 870)
_cRepublic of Ghana
260 _aAccra, Ghana
_bGhana Publishing Co. Ltd. (Assembly Press).
_c2013
300 _a67 pages
_c24 cm
650 _2VAT Tax
942 _2lcc
_cBK
_n0
999 _c1342
_d1342